00657nam a2200169Ia 4500008004100000100002800041245009300069245008200162260003900244260000900283300001100292650001800303650001500321856005900336999001900395952007300414170221s9999 xx 000 0 und d aStarling D. Hunter III. aMoneyball for TV: A Model for Forecasting the Audience of New Dramatic Television Series cStarling D. Hunter III, Ravi Chinta, Susan Smith, Awais Shamim, Alya Bawazir. bStudies in Media and Communication c2015 a35 : 3 xCommunication xMedia Arts uhttp://redfame.com/journal/index.php/smc/issue/view/76 c310649d310649 001040aCLbCLd2017-02-21l0r2017-02-21 00:00:00w2017-02-21yFOJ